000 00576nam a2200181Ia 4500
008 090123s9999 xx 000 0 und d
082 _b29290
100 _aमाडगूळकर व्यंकटेश
245 _aचरित्ररंग
250 _a1
260 _bशब्द प्रकाशन
_c1998
300 _a116
600 _aमाडगूळकर व्यंकटेश
630 _aचरित्ररंग
700 _aमाडगूळकर व्यंकटेश
730 _aचरित्ररंग
942 _cBOOK
999 _c68069
_d68069